000 00712nam a2200253 a 4500
005 20260322212055.0
008 data
010 _a 96217151
020 _a0061810886 :
_c{dollar}35.00
020 _a9780061810886 :
_c{dollar}35.00
040 _aDLC
_cDLC
_dDLC
050 0 0 _aPN41
_b.B4 1996
092 _a803 B4 1996
245 0 0 _aBenét's reader's encyclopedia /
_cedited by Bruce Murphy.
246 3 0 _aReader's encyclopedia
250 _a4th ed.
260 0 _aNew York :
_bHarperCollinsPublishers,
_cc1996.
300 _axiv, 1144 p. ;
_c25 cm.
650 0 _aLiterature
_vDictionaries.
650 0 _aArt
_vDictionaries.
650 0 _aMusic
_vDictionaries.
700 1 _aMurphy, Bruce,
_d1962-
001 data
999 _c1316
_d1316